[Event "Mid Bohemia Region-chT 2223"]
[Site "Czech Republic"]
[Date "2023.02.12"]
[Round "8.4"]
[White "Kozeny, Pavel"]
[Black "Jacek, Miloslav"]
[Result "1/2-1/2"]
[WhiteElo "2020"]
[BlackElo "1960"]
[PlyCount "87"]
[EventDate "2022.10.09"]
[EventType "team-tourn"]
[EventRounds "11"]
[EventCountry "CZE"]
[SourceTitle "EXT 2024"]
[Source "ChessBase"]
[SourceDate "2023.10.10"]
[SourceVersion "1"]
[SourceVersionDate "2023.10.10"]
[SourceQuality "1"]
[WhiteTeam "Lysa nad Labem Joly IV"]
[BlackTeam "Bakov nad Jizerou II"]
[WhiteTeamCountry "CZE"]
[BlackTeamCountry "CZE"]

1. Nf3 c5 2. c4 Nc6 3. b3 Nf6 4. Bb2 d6 5. e3 e6 6. Be2 Be7 7. 0-0 0-0 8. a3 b6 9. Qc2 Bb7 10. d3 Qc7 11. Bc3 a5 12. d4 Rac8 13. dxc5 dxc5 14. Qb2 Rfd8 15. Nbd2 Ne8 16. Rfd1 Bf6 17. Ne4 Bxc3 18. Nxc3 Rxd1+ 19. Rxd1 Rd8 20. Nb5 Rxd1+ 21. Bxd1 Qd8 22. Qd2 Qxd2 23. Nxd2 Ne5 24. Bf3 Nxf3+ 25. gxf3 Kf8 26. Kf1 Ke7 27. Ke2 Bc6 28. a4 f6 29. e4 g5 30. Ke3 Nd6 31. Nxd6 Kxd6 32. f4 h6 33. Nf3 gxf4+ 34. Kxf4 Be8 35. Nd2 Bh5 36. f3 Bg6 37. Nf1 e5+ 38. Ke3 f5 39. Nd2 Ke6 40. Nb1 fxe4 41. fxe4 Bh5 42. Nc3 Kd6 43. Kf2 Ke6 44. Kg3 1/2-1/2

[Event "CZE-chT2C 2223"]
[Site "Czech Republic"]
[Date "2022.12.04"]
[Round "4.8"]
[White "Jacek, Miloslav"]
[Black "Dolensky, Milan"]
[Result "0-1"]
[WhiteElo "1970"]
[BlackElo "2072"]
[PlyCount "136"]
[EventDate "2022.10.16"]
[EventType "team-tourn"]
[EventRounds "11"]
[EventCountry "CZE"]
[SourceTitle "EXT 2024"]
[Source "ChessBase"]
[SourceDate "2023.10.10"]
[SourceVersion "1"]
[SourceVersionDate "2023.10.10"]
[SourceQuality "1"]
[WhiteTeam "Mlada Boleslav"]
[BlackTeam "Jicin"]
[WhiteTeamCountry "CZE"]
[BlackTeamCountry "CZE"]

1. e4 c5 2. Nf3 a6 3. g3 Nc6 4. Bg2 Nf6 5. d3 d6 6. 0-0 e5 7. Re1 Be7 8. c3 Qc7 9. Nbd2 b5 10. Nf1 a5 11. Ne3 0-0 12. Bd2 b4 13. Nh4 Ba6 14. Bf1 Rfd8 15. Nhf5 Bf8 16. Nd5 Nxd5 17. exd5 Ne7 18. Nxe7+ Bxe7 19. c4 Qd7 20. Qh5 g6 21. Qh6 Bf8 22. Qh4 f5 23. Bg5 Re8 24. Bh3 Qf7 25. Bh6 Bg7 26. Bxg7 Qxg7 27. Re2 Re7 28. Rae1 Rae8 29. b3 h6 30. f4 g5 31. fxg5 hxg5 32. Qh5 Rf8 33. Bg2 g4 34. Rf2 Bc8 35. h4 Rf6 36. Ref1 Ref7 37. Qg5 Qxg5 38. hxg5 Rg6 39. a3 Rxg5 40. axb4 axb4 41. Ra2 Rg6 42. Ra8 Rf8 43. Re1 Rg7 44. Rea1 Bb7 45. R8a7 Re7 46. R1a6 Rd8 47. Rb6 Rdd7 48. Kf2 Kf7 49. Ra1 Kg6 50. Rh1 Rh7 51. Re1 Kf7 52. Kg1 Ke8 53. Rf1 Rhf7 54. Rf2 Kd8 55. Ra2 Kc7 56. Rb5 Rf8 57. Ra7 Rb8 58. Kf2 Kd8 59. Rb6 Ke7 60. Ke2 Kf6 61. Kf2 Kg5 62. Ra1 Rf8 63. Kg1 Ra8 64. Rb1 Ra2 65. Bf1 f4 66. gxf4+ exf4 67. Re1 f3 68. Re6 g3 0-1

[Event "CZE-chT2C 2223"]
[Site "Czech Republic"]
[Date "2022.11.06"]
[Round "2.8"]
[White "Jacek, Miloslav"]
[Black "Zak, Zbynek"]
[Result "1/2-1/2"]
[WhiteElo "1970"]
[BlackElo "1954"]
[PlyCount "57"]
[EventDate "2022.10.16"]
[EventType "team-tourn"]
[EventRounds "11"]
[EventCountry "CZE"]
[SourceTitle "EXT 2024"]
[Source "ChessBase"]
[SourceDate "2023.10.10"]
[SourceVersion "1"]
[SourceVersionDate "2023.10.10"]
[SourceQuality "1"]
[WhiteTeam "Mlada Boleslav"]
[BlackTeam "Kolin"]
[WhiteTeamCountry "CZE"]
[BlackTeamCountry "CZE"]

1. e4 d5 2. exd5 Nf6 3. d4 Qxd5 4. Nc3 Qa5 5. Bc4 Bg4 6. f3 Bf5 7. Bd2 c6 8. Nd5 Qd8 9. Nxf6+ exf6 10. Ne2 Bd6 11. Bf4 Bxf4 12. Nxf4 Qd6 13. Qd2 0-0 14. 0-0-0 b5 15. Be2 Nd7 16. g4 Be6 17. Nxe6 fxe6 18. f4 Nb6 19. f5 Qd5 20. Kb1 Nc4 21. Qf4 Rad8 22. Bf3 Qd6 23. Qxd6 Rxd6 24. Rhe1 exf5 25. gxf5 Rfd8 26. c3 Kf8 27. Kc2 a5 28. b3 Nb6 29. Re3 1/2-1/2

[Event "WchT Seniors 65"]
[Site "Prague"]
[Date "2020.03.11"]
[Round "6.4"]
[White "Jacek, Miloslav"]
[Black "Slechta, Karel"]
[Result "1/2-1/2"]
[WhiteElo "1962"]
[BlackElo "1860"]
[PlyCount "57"]
[EventDate "2020.03.06"]
[EventType "team-swiss"]
[EventRounds "7"]
[EventCountry "CZE"]
[SourceTitle "CBM 195 Extra"]
[Source "ChessBase"]
[SourceDate "2020.05.31"]
[SourceVersion "1"]
[SourceVersionDate "2020.05.31"]
[SourceQuality "1"]
[WhiteTeam "Czech Republic 65 IV"]
[BlackTeam "Czech Republic 65 VII"]
[WhiteTeamCountry "CZE"]
[BlackTeamCountry "CZE"]

1. e4 c5 2. Nf3 Nc6 3. Bb5 Nd4 4. Nxd4 cxd4 5. c3 a6 6. Bc4 d6 7. cxd4 g6 8. d3 Bg7 9. Be3 Nf6 10. h3 b5 11. Bb3 Bb7 12. 0-0 0-0 13. Nc3 e6 14. Qd2 Re8 15. Ne2 Qd7 16. Rac1 Rec8 17. Bh6 Bh8 18. Bf4 Bg7 19. Bh6 Bh8 20. a3 Rxc1 21. Rxc1 Rc8 22. Rf1 Qc7 23. Ng3 a5 24. a4 b4 25. f4 Qb6 26. Qf2 Ng4 27. Qd2 Qxd4+ 28. Kh1 Nxh6 29. f5 1/2-1/2

[Event "CZE-chT2C 1920"]
[Site "Czech Republic"]
[Date "2019.12.15"]
[Round "5.8"]
[White "Jacek, Miloslav"]
[Black "Daniel, Jiri1111"]
[Result "0-1"]
[WhiteElo "1971"]
[BlackElo "1950"]
[PlyCount "98"]
[EventDate "2019.10.13"]
[EventType "team-tourn"]
[EventRounds "11"]
[EventCountry "CZE"]
[SourceTitle "EXT 2024"]
[Source "ChessBase"]
[SourceDate "2023.10.10"]
[SourceVersion "1"]
[SourceVersionDate "2023.10.10"]
[SourceQuality "1"]
[WhiteTeam "Mlada Boleslav"]
[BlackTeam "Lysa nad Labem Joly III"]
[WhiteTeamCountry "CZE"]
[BlackTeamCountry "CZE"]

1. e4 c5 2. Nf3 Nc6 3. Bb5 a6 4. Bxc6 bxc6 5. 0-0 g6 6. d4 cxd4 7. Qxd4 f6 8. Nc3 Nh6 9. b3 Nf7 10. Bb2 e5 11. Qd3 Be7 12. Rfe1 0-0 13. Rad1 Qc7 14. Na4 Rd8 15. c4 Bb7 16. c5 d6 17. cxd6 Rxd6 18. Qc3 Rxd1 19. Rxd1 Rd8 20. Rxd8+ Nxd8 21. Nc5 Bxc5 22. Qxc5 Qd7 23. h3 Ne6 24. Qc4 Kg7 25. g3 c5 26. Qe2 Qc6 27. Nd2 Ng5 28. h4 Nxe4 29. Nxe4 Qxe4 30. Qxe4 Bxe4 31. Ba3 c4 32. bxc4 Bb1 33. c5 Bxa2 34. Kf1 Kf7 35. Ke2 Ke6 36. Kd3 Kd5 37. Bb4 h5 38. Kc3 g5 39. Kd3 Bc4+ 40. Ke3 Bb5 41. Ba3 a5 42. hxg5 fxg5 43. Kf3 Bc6 44. Ke3 Ke6 45. f4 exf4+ 46. gxf4 g4 47. Kf2 h4 48. Bc1 g3+ 49. Kg1 h3 0-1

[Event "CZE-chT2C 1819"]
[Site "Czech Republic"]
[Date "2018.11.18"]
[Round "3.8"]
[White "Pribik, Petr"]
[Black "Jacek, Miloslav"]
[Result "1/2-1/2"]
[WhiteElo "1902"]
[BlackElo "1928"]
[PlyCount "97"]
[EventDate "2018.10.14"]
[EventType "team-tourn"]
[EventRounds "11"]
[EventCountry "CZE"]
[SourceTitle "EXT 2022"]
[Source "ChessBase"]
[SourceDate "2021.10.06"]
[SourceVersion "1"]
[SourceVersionDate "2021.10.06"]
[SourceQuality "1"]
[WhiteTeam "Hradec Kralove II"]
[BlackTeam "Mlada Boleslav"]
[WhiteTeamCountry "CZE"]
[BlackTeamCountry "CZE"]

1. e4 c5 2. c3 Nf6 3. e5 Nd5 4. d4 cxd4 5. Nf3 Nc6 6. cxd4 d6 7. exd6 Qxd6 8. Nc3 Nxc3 9. bxc3 e6 10. Bd3 Be7 11. 0-0 0-0 12. Re1 b6 13. Bg5 Bb7 14. Qc2 h6 15. Be3 Rac8 16. Qd2 f5 17. Bf4 Qd7 18. Bb5 Bf6 19. Be5 a6 20. Ba4 b5 21. Bb3 Na5 22. Bxf6 Nxb3 23. axb3 Rxf6 24. Re3 Qd5 25. b4 Rg6 26. Kf1 Rg4 27. Rae1 Rg6 28. Qd3 Qd6 29. Nh4 Rg4 30. g3 Bd5 31. Qd1 Re4 32. Ng6 Rxe3 33. Rxe3 Kh7 34. Ne5 Bb7 35. Qh5 Bd5 36. Qg6+ Kg8 37. Nf7 Bc4+ 38. Kg1 Qe7 39. Nxh6+ Kf8 40. Qh7 gxh6 41. Qh8+ Kf7 42. Qxc8 Qd6 43. Re5 Bd5 44. Qh8 Qc6 45. Qxh6 Qxc3 46. Qh7+ Kf6 47. Qh6+ Kf7 48. Qh5+ Kf6 49. Qh6+ 1/2-1/2

[Event "CZE-chT2B 1617"]
[Site "Czech Republic"]
[Date "2017.02.12"]
[Round "8.8"]
[White "Blazek, Jiri"]
[Black "Jacek, Miloslav"]
[Result "0-1"]
[WhiteElo "1831"]
[BlackElo "1989"]
[PlyCount "112"]
[EventDate "2016.10.09"]
[EventType "team-tourn"]
[EventRounds "11"]
[EventCountry "CZE"]
[SourceTitle "EXT 2022"]
[Source "ChessBase"]
[SourceDate "2021.10.06"]
[SourceVersion "1"]
[SourceVersionDate "2021.10.06"]
[SourceQuality "1"]
[WhiteTeam "Bakov nad Jizerou"]
[BlackTeam "Mlada Boleslav"]
[WhiteTeamCountry "CZE"]
[BlackTeamCountry "CZE"]

1. e4 c5 2. d4 cxd4 3. c3 d3 4. Bxd3 Nc6 5. Nf3 d6 6. h3 g6 7. Be3 Bg7 8. Qd2 Nf6 9. 0-0 d5 10. exd5 Nxd5 11. Bb5 Nxe3 12. Qxe3 0-0 13. Nbd2 Qc7 14. Rfe1 Re8 15. Nb3 a6 16. Bf1 b6 17. g3 Bb7 18. Bg2 Rad8 19. Rad1 e5 20. Qe2 Rxd1 21. Rxd1 Rd8 22. Rxd8+ Qxd8 23. Qd2 Qc7 24. Ne1 a5 25. Qd3 h6 26. Nd2 f5 27. Qd5+ Kh7 28. Qc4 e4 29. Nf1 Qd8 30. Qe2 Ne5 31. Qd2 Qc7 32. Ne3 Qc5 33. Kh1 Ba6 34. Qd5 Qc7 35. Bf1 Bb7 36. Qd1 Qf7 37. N3g2 Qxa2 38. Qe2 Qb1 39. Kg1 Nf3+ 40. Kh1 Bd5 41. Ne3 Bc6 42. N1g2 b5 43. Nf4 a4 44. Ne6 a3 45. bxa3 Bxc3 46. Nd8 Bd7 47. Nd5 Bd4 48. Kg2 Qb3 49. Nc7 Bb6 50. Nde6 Bxe6 51. Nxe6 Qxe6 52. Qxb5 Bd4 53. Bc4 Qb6 54. Qd5 h5 55. g4 hxg4 56. hxg4 Qf6 0-1

[Event "CZE-chT2B 1516"]
[Site "Czech Republic"]
[Date "2015.11.22"]
[Round "3.8"]
[White "Jacek, Miloslav"]
[Black "Indrak, Igor"]
[Result "1-0"]
[WhiteElo "1973"]
[BlackElo "2062"]
[PlyCount "63"]
[EventDate "2015.10.18"]
[EventType "team-tourn"]
[EventRounds "11"]
[EventCountry "CZE"]
[SourceTitle "EXT 2022"]
[Source "ChessBase"]
[SourceDate "2021.10.06"]
[SourceVersion "1"]
[SourceVersionDate "2021.10.06"]
[SourceQuality "1"]
[WhiteTeam "Mlada Boleslav"]
[BlackTeam "Jicin III"]
[WhiteTeamCountry "CZE"]
[BlackTeamCountry "CZE"]

1. e4 d6 2. d4 Nf6 3. Nc3 e5 4. Nf3 Nbd7 5. g4 c6 6. g5 Ng8 7. Bc4 g6 8. Be3 Bg7 9. Bb3 Ne7 10. h4 h5 11. gxh6 Bf6 12. Ng5 Bxg5 13. hxg5 Rh7 14. f4 exd4 15. Qxd4 Nc5 16. 0-0-0 Nxb3+ 17. axb3 Bg4 18. Rd2 d5 19. Re1 Be6 20. Bg1 Qa5 21. Kb1 0-0-0 22. Qxa7 Qxa7 23. Bxa7 Rhh8 24. Bd4 Rh7 25. Bf6 Rd7 26. Bxe7 Rxe7 27. exd5 Rd7 28. dxe6 Rxd2 29. e7 Rh8 30. e8Q+ Rxe8 31. Rxe8+ Kd7 32. h7 1-0

[Event "Klatovy op-A"]
[Site "Klatovy"]
[Date "2013.07.04"]
[Round "6"]
[White "Janska, Jitka"]
[Black "Jacek, Miloslav"]
[Result "1-0"]
[WhiteElo "1889"]
[BlackElo "2056"]
[PlyCount "103"]
[EventDate "2013.06.29"]
[EventType "swiss"]
[EventRounds "9"]
[EventCountry "CZE"]
[SourceTitle "EXT 2014"]
[Source "ChessBase"]
[SourceDate "2013.11.20"]
[SourceVersion "1"]
[SourceVersionDate "2013.11.20"]
[SourceQuality "1"]

1. e4 d5 2. exd5 Qxd5 3. Nc3 Qd6 4. d4 Nf6 5. Nge2 a6 6. Bf4 Qd8 7. g3 c6 8. Bg2 Bg4 9. d5 cxd5 10. Nxd5 Nxd5 11. Bxd5 Nc6 12. Qd2 e6 13. f3 exd5 14. fxg4 Bb4 15. c3 Bc5 16. 0-0-0 0-0 17. Qxd5 Qe7 18. Nd4 Bxd4 19. cxd4 Rfd8 20. Qc5 Qe2 21. Qc2 Qe6 22. Qb3 Qxb3 23. axb3 Nxd4 24. Rd3 Ne2+ 25. Kd2 Nxf4 26. gxf4 Kf8 27. Rc1 Rxd3+ 28. Kxd3 Rd8+ 29. Ke3 Rd7 30. Rc2 Ke7 31. Ke4 Ke6 32. h4 Rd6 33. Rc7 Rd7 34. f5+ Ke7 35. Rxd7+ Kxd7 36. Kd5 h6 37. b4 Kc7 38. g5 hxg5 39. hxg5 Kd7 40. Kc5 Kc7 41. Kd5 Kd7 42. b3 Kc7 43. g6 fxg6 44. fxg6 Kd7 45. Kc5 Kc7 46. b5 axb5 47. Kxb5 Kd7 48. Kb6 Kc8 49. Ka7 Kc7 50. b4 Kc6 51. b5+ Kc7 52. Ka8 1-0

[Event "Tabor op"]
[Site "Tabor"]
[Date "2011.08.05"]
[Round "7"]
[White "Jacek, Miloslav"]
[Black "Meszaros, Ludek"]
[Result "0-1"]
[WhiteElo "2045"]
[BlackElo "2170"]
[PlyCount "82"]
[EventDate "2011.07.31"]
[EventType "swiss"]
[EventRounds "9"]
[EventCountry "CZE"]
[SourceTitle "CBM 143 Extra"]
[Source "ChessBase"]
[SourceDate "2011.08.29"]
[SourceVersion "1"]
[SourceVersionDate "2011.08.29"]
[SourceQuality "1"]

1. e4 g6 2. d4 Bg7 3. Nc3 d6 4. Be3 c6 5. f4 Qb6 6. Qd2 Nf6 7. h3 Qxb2 8. Rb1 Qa3 9. Bd3 0-0 10. Nf3 Nbd7 11. 0-0 Qa5 12. f5 b5 13. e5 dxe5 14. dxe5 b4 15. Ne2 Nxe5 16. Nxe5 Qxe5 17. fxg6 hxg6 18. Rxb4 Qa5 19. Rc4 Qxd2 20. Bxd2 Bd7 21. Nd4 Rfc8 22. Nb3 Be6 23. Ra4 Nd5 24. Ba6 Rc7 25. Nc5 Bf5 26. Nd3 c5 27. Ba5 Nb6 28. g4 Bc8 29. Bc4 Bd4+ 30. Kh2 Nxc4 31. Bxc7 Ne3 32. Re1 Bd7 33. Ra3 Nxc2 34. Rxe7 Nxa3 35. Rxd7 Re8 36. Bd6 Re2+ 37. Kh1 c4 38. Bxa3 cxd3 39. Rxd4 d2 40. Bb2 Re1+ 41. Kg2 d1Q 0-1

[Event "Tabor op"]
[Site "Tabor"]
[Date "2011.08.01"]
[Round "3"]
[White "Jacek, Miloslav"]
[Black "Med, Ladislav"]
[Result "1-0"]
[WhiteElo "2045"]
[BlackElo "1872"]
[PlyCount "51"]
[EventDate "2011.07.31"]
[EventType "swiss"]
[EventRounds "9"]
[EventCountry "CZE"]
[SourceTitle "CBM 143 Extra"]
[Source "ChessBase"]
[SourceDate "2011.08.29"]
[SourceVersion "1"]
[SourceVersionDate "2011.08.29"]
[SourceQuality "1"]

1. e4 c5 2. Nf3 e6 3. b3 Nc6 4. Bb2 Nf6 5. e5 Nd5 6. c4 Nf4 7. g3 Ng6 8. Bg2 Qc7 9. Qe2 Nb4 10. Na3 a6 11. 0-0 Be7 12. d4 cxd4 13. Bxd4 Nc6 14. Bb2 0-0 15. Nc2 d5 16. h4 Rd8 17. h5 Nf8 18. Rad1 b5 19. cxd5 exd5 20. Ne3 Be6 21. Rc1 Qb6 22. Rfd1 Rac8 23. Nd4 Bc5 24. Nxc6 Bxe3 25. Ne7+ Kh8 26. Nxc8 1-0

[Event "Tabor op"]
[Site "Tabor"]
[Date "2011.08.01"]
[Round "2"]
[White "Mudrak, Josef"]
[Black "Jacek, Miloslav"]
[Result "1-0"]
[WhiteElo "2362"]
[BlackElo "2045"]
[PlyCount "37"]
[EventDate "2011.07.31"]
[EventType "swiss"]
[EventRounds "9"]
[EventCountry "CZE"]
[SourceTitle "CBM 143 Extra"]
[Source "ChessBase"]
[SourceDate "2011.08.29"]
[SourceVersion "1"]
[SourceVersionDate "2011.08.29"]
[SourceQuality "1"]

1. e4 d5 2. exd5 Qxd5 3. Nc3 Qd6 4. d4 Nf6 5. Bc4 c6 6. Nge2 Bf5 7. 0-0 e6 8. Bf4 Qd8 9. Ng3 Bg6 10. h4 h6 11. h5 Bh7 12. Bb3 Bd6 13. Qf3 Qc7 14. Bxh6 Nxh5 15. Nxh5 gxh6 16. Qf6 Rf8 17. Rfe1 Qe7 18. Qxh6 Bg8 19. d5 1-0

[Event "Rychnov op"]
[Site "Rychnov nad Kneznou"]
[Date "2010.08.25"]
[Round "3"]
[White "Vlasak, Ladislav"]
[Black "Jacek, Miloslav"]
[Result "1/2-1/2"]
[WhiteElo "1824"]
[BlackElo "2046"]
[PlyCount "117"]
[EventDate "2010.08.23"]
[EventType "swiss"]
[EventRounds "7"]
[EventCountry "CZE"]
[SourceTitle "CBM 138 Extra"]
[Source "ChessBase"]
[SourceDate "2010.10.29"]
[SourceVersion "1"]
[SourceVersionDate "2010.10.29"]
[SourceQuality "1"]

1. e4 c5 2. Nc3 g6 3. g3 Bg7 4. Bg2 Nc6 5. d3 e6 6. Be3 Nd4 7. Rb1 Ne7 8. Nce2 0-0 9. c3 Nxe2 10. Nxe2 d6 11. 0-0 Rb8 12. Qd2 b6 13. Bh6 Ba6 14. Bxg7 Kxg7 15. Rfe1 d5 16. exd5 Nxd5 17. d4 Nf6 18. b4 cxb4 19. Rxb4 Bb7 20. Nf4 Bxg2 21. Nxg2 Nd5 22. Ra4 Qd7 23. Ra3 Rbc8 24. Ne3 Rc7 25. Nxd5 Qxd5 26. Qd3 Rd8 27. Qe4 Qxe4 28. Rxe4 Rdc8 29. Re3 Rd7 30. h4 h5 31. Kg2 Kf6 32. Kf3 a5 33. Rb3 Rd6 34. a4 Rc4 35. Ra3 Rd5 36. Ke2 e5 37. dxe5+ Rxe5 38. f4 Rxe3+ 39. Kxe3 Kf5 40. Kd3 Rc6 41. c4 Rd6+ 42. Ke3 Kg4 43. Ke4 Rd1 44. Rb3 Ra1 45. Rxb6 Rxa4 46. Kd5 Kxg3 47. c5 Ra1 48. c6 Rd1+ 49. Ke5 Kxh4 50. c7 Rc1 51. Kd6 Rxc7 52. Kxc7 Kg3 53. Rf6 h4 54. Rxf7 h3 55. Kd6 h2 56. Rh7 Kg2 57. f5 gxf5 58. Rg7+ Kf3 59. Rh7 1/2-1/2

[Event "CZE-chT2C 0910"]
[Site "Czech Republic"]
[Date "2010.03.28"]
[Round "10.4"]
[White "Jacek, Miloslav"]
[Black "Londyn, Radek"]
[Result "0-1"]
[WhiteElo "2111"]
[BlackElo "2316"]
[PlyCount "72"]
[EventDate "2009.10.18"]
[EventType "team-tourn"]
[EventRounds "11"]
[EventCountry "CZE"]
[SourceTitle "EXT 2011"]
[Source "ChessBase"]
[SourceDate "2010.11.26"]
[SourceVersion "1"]
[SourceVersionDate "2010.11.26"]
[SourceQuality "1"]
[WhiteTeam "Mlada Boleslav"]
[BlackTeam "Lysa nad Labem II"]
[WhiteTeamCountry "CZE"]
[BlackTeamCountry "CZE"]

1. e4 d6 2. d4 Nf6 3. Nc3 e5 4. Nf3 Nbd7 5. g4 Nxg4 6. Rg1 Ngf6 7. Bc4 exd4 8. Qxd4 Nb6 9. Bb3 Be6 10. Qd3 Qd7 11. a4 Bxb3 12. cxb3 Ng4 13. a5 Nc8 14. Bf4 f6 15. Rd1 g6 16. h3 Nh6 17. Nd5 Ng8 18. h4 Bg7 19. h5 g5 20. Be3 c6 21. Nc3 h6 22. Bc5 Nge7 23. Qc4 b5 24. Qd3 Qh3 25. Rg3 Qh1+ 26. Ke2 Qxh5 27. Bxd6 Nxd6 28. Qxd6 Kf7 29. Ke3 f5 30. Rgg1 f4+ 31. Ke2 Rhd8 32. Qc7 Rac8 33. Qxa7 g4 34. Nd4 f3+ 35. Ke1 Qh2 36. Nxf3 Qf4 0-1

[Event "CZE-chT2C 0910"]
[Site "Czech Republic"]
[Date "2010.03.14"]
[Round "9.3"]
[White "Jacek, Miloslav"]
[Black "Vltavsky, Vladimir"]
[Result "0-1"]
[WhiteElo "2111"]
[BlackElo "2208"]
[PlyCount "88"]
[EventDate "2009.10.18"]
[EventType "team-tourn"]
[EventRounds "11"]
[EventCountry "CZE"]
[SourceTitle "EXT 2011"]
[Source "ChessBase"]
[SourceDate "2010.11.26"]
[SourceVersion "1"]
[SourceVersionDate "2010.11.26"]
[SourceQuality "1"]
[WhiteTeam "Mlada Boleslav"]
[BlackTeam "Turnov Zikuda II"]
[WhiteTeamCountry "CZE"]
[BlackTeamCountry "CZE"]

1. e4 c5 2. Nc3 Nc6 3. Bb5 e5 4. Nf3 d6 5. d3 Bg4 6. h3 Bh5 7. Be3 Nge7 8. g4 Bg6 9. Qd2 a6 10. Bxc6+ Nxc6 11. Nd5 Ne7 12. Bg5 f6 13. Nxe7 Bxe7 14. Bh4 d5 15. Qe2 Qa5+ 16. Qd2 Qd8 17. Qe2 dxe4 18. dxe4 Qa5+ 19. c3 Qa4 20. Nd2 Qc2 21. 0-0 Rd8 22. Rfd1 0-0 23. f3 Rd7 24. Rab1 Rfd8 25. Be1 Bf7 26. Rdc1 Qd3 27. Qxd3 Rxd3 28. b3 Be6 29. Rc2 b5 30. Kg2 g6 31. Nf1 f5 32. Rd2 fxe4 33. fxe4 Bg5 34. Rxd3 Rxd3 35. Rb2 Bf4 36. Re2 h5 37. gxh5 Bxh3+ 38. Kf2 gxh5 39. Ne3 Bg4 40. Nxg4 hxg4 41. a4 Bg3+ 42. Kf1 Bxe1 43. Rxe1 Rxc3 44. axb5 axb5 0-1

[Event "CZE-chT2C 0910"]
[Site "Czech Republic"]
[Date "2009.11.08"]
[Round "2.5"]
[White "Jacek, Miloslav"]
[Black "Krasnay, Peter"]
[Result "0-1"]
[WhiteElo "2111"]
[BlackElo "2088"]
[PlyCount "42"]
[EventDate "2009.10.18"]
[EventType "team-tourn"]
[EventRounds "11"]
[EventCountry "CZE"]
[SourceTitle "EXT 2011"]
[Source "ChessBase"]
[SourceDate "2010.11.26"]
[SourceVersion "1"]
[SourceVersionDate "2010.11.26"]
[SourceQuality "1"]
[WhiteTeam "Mlada Boleslav"]
[BlackTeam "Praha Dukla"]
[WhiteTeamCountry "CZE"]
[BlackTeamCountry "CZE"]

1. e4 c5 2. Nc3 e6 3. f4 d5 4. exd5 exd5 5. Bb5+ Nc6 6. Nf3 Bg4 7. 0-0 Nf6 8. Bxc6+ bxc6 9. d3 Be7 10. Qe1 Bxf3 11. Rxf3 0-0 12. Bd2 Re8 13. Rh3 c4 14. Qf1 Qb6+ 15. Kh1 Qxb2 16. dxc4 d4 17. Rb1 Qxc2 18. Rc1 Qxd2 19. Rd3 dxc3 20. Rxd2 cxd2 21. Rd1 Bb4 0-1

[Event "CZE-chT2C 0809"]
[Site "Czech Republic"]
[Date "2009.02.22"]
[Round "9.5"]
[White "Stolc, Martin"]
[Black "Jacek, Miloslav"]
[Result "1-0"]
[WhiteElo "2044"]
[BlackElo "2148"]
[PlyCount "121"]
[EventDate "2008.10.12"]
[EventType "team-tourn"]
[EventRounds "11"]
[EventCountry "CZE"]
[SourceTitle "EXT 2010"]
[Source "ChessBase"]
[SourceDate "2010.11.25"]
[SourceVersion "1"]
[SourceVersionDate "2010.11.25"]
[SourceQuality "1"]
[WhiteTeam "Jicin"]
[BlackTeam "Mlada Boleslav"]
[WhiteTeamCountry "CZE"]
[BlackTeamCountry "CZE"]

1. d4 f5 2. c4 Nf6 3. Nc3 g6 4. Nf3 Bg7 5. Bg5 d6 6. Qb3 c6 7. e3 Qa5 8. Bd3 Nbd7 9. 0-0 Qb6 10. Qc2 e5 11. c5 Qc7 12. cxd6 Qxd6 13. e4 fxe4 14. Bxe4 0-0 15. Rad1 Nxe4 16. Nxe4 Qe6 17. b3 exd4 18. Nxd4 Qe5 19. Rfe1 Kh8 20. Bc1 Nb6 21. Ba3 Rd8 22. Nf3 Rxd1 23. Rxd1 Qe8 24. Nd6 Qg8 25. Nf7+ Qxf7 26. Rd8+ Qg8 27. Rxg8+ Kxg8 28. h3 Bf5 29. Qe2 Nd5 30. g4 Bd7 31. Bb2 Re8 32. Qd2 Bxb2 33. Qxb2 Nf4 34. Ne5 Be6 35. Kh2 Bd5 36. Qd4 g5 37. Nd7 Re2 38. Nf6+ Kf7 39. Nxd5 cxd5 40. Qxa7 Re7 41. Qd4 Re4 42. Qh8 Kg6 43. Qg8+ Kh6 44. Qf8+ Kg6 45. Qf5+ Kh6 46. Qf6+ Ng6 47. Kg3 d4 48. Qd6 Rf4 49. a4 Kg7 50. Qd7+ Kf6 51. Qxb7 Nh4 52. Qc6+ Ke5 53. Qc5+ Ke4 54. Qe7+ Kd3 55. Qxg5 Ng6 56. h4 Ke2 57. Qd5 d3 58. h5 d2 59. hxg6 Rf8 60. g7 Re8 61. Qb5+ 1-0